| 000 | 01024nam a22003137a 4500 | ||
|---|---|---|---|
| 003 | CHAP | ||
| 005 | 20220329140707.0 | ||
| 008 | 971013s1985 r 10010 d | ||
| 010 | _a56152 | ||
| 011 | _a57124 | ||
| 035 | _a61277 | ||
| 040 | _cCHAP | ||
| 082 |
_a632.7063 _bS5 1984 |
||
| 111 | 0 | 0 |
_aSimposio Nacional de Parasitología Agrícola ( _n11 _d: 1984 _c: Querétaro, Qro.) _9106338 |
| 245 | _aMemoria | ||
| 260 |
_aQuerétaro, Qro. : _bIngenieros Agrónomos Parasitólogos, _c(1985) |
||
| 300 | _a255 p. | ||
| 590 |
_aBATCH-UPD _b10 _c20130110 _lUCH01 _h0326 |
||
| 590 |
_aBATCH-UPD _b10 _c20130110 _lUCH01 _h1933 |
||
| 590 |
_aBATCH-UPD _b10 _c20130409 _lUCH01 _h2359 |
||
| 590 |
_aBATCH-UPD _b10 _c20130914 _lUCH01 _h0025 |
||
| 590 |
_aCONVERSION _b10 _c20130109 _lUCH01 _h1330 |
||
| 650 | 1 | 4 |
_aAgricultura _xPlagas. _91764 |
| 650 | 1 | 4 |
_aLegumbres _xEnfermedades. _965709 |
| 650 | 1 | 4 |
_aLegumbres _xPlagas. _965768 |
| 901 | _aBK | ||
| 942 | _cLIBRO | ||
| 949 |
_a632.7063 S5 1984 _bBC _cCONG _d-131678 _eCONG _h63477 _i61277 _si |
||
| 999 |
_c56152 _d56152 |
||